|
|
|
|
| LEADER |
03601nam a2200805 4500 |
| 001 |
ocn847842758 |
| 003 |
OCoLC |
| 005 |
20170124071419.8 |
| 006 |
m o d |
| 007 |
cr ||||||||||| |
| 008 |
130611s2013 nju ob 001 0 eng |
| 010 |
|
|
|a 2013023548
|
| 040 |
|
|
|a DLC
|b eng
|e rda
|c DLC
|d YDX
|d IDEBK
|d N$T
|d EBLCP
|d CUS
|d YDXCP
|d CDX
|d OCLCF
|d COO
|d IUL
|d RECBK
|d HEBIS
|d CNMTR
|d OCLCO
|d DEBSZ
|d GrThAP
|
| 019 |
|
|
|a 864911019
|
| 020 |
|
|
|a 9781118356647 (epub)
|
| 020 |
|
|
|a 1118356640 (epub)
|
| 020 |
|
|
|a 9781118356630 (pdf)
|
| 020 |
|
|
|a 1118356632 (pdf)
|
| 020 |
|
|
|a 9781118356623 ( mobi)
|
| 020 |
|
|
|a 1118356624 ( mobi)
|
| 020 |
|
|
|z 9781118016022 (hardback)
|
| 020 |
|
|
|a 9781118356654
|
| 020 |
|
|
|a 1118356659
|
| 020 |
|
|
|a 1118016025
|
| 020 |
|
|
|a 9781118016022
|
| 020 |
|
|
|a 9781299966291
|
| 020 |
|
|
|a 1299966292
|
| 028 |
0 |
1 |
|a EB00063425
|b Recorded Books
|
| 029 |
1 |
|
|a AU@
|b 000051634936
|
| 029 |
1 |
|
|a CHBIS
|b 009986395
|
| 029 |
1 |
|
|a CHBIS
|b 010131754
|
| 029 |
1 |
|
|a CHVBK
|b 309707412
|
| 029 |
1 |
|
|a CHVBK
|b 314709363
|
| 029 |
1 |
|
|a NZ1
|b 15341535
|
| 029 |
1 |
|
|a NLGGC
|b 37021675X
|
| 029 |
1 |
|
|a DEBSZ
|b 431523630
|
| 029 |
1 |
|
|a NZ1
|b 16062219
|
| 035 |
|
|
|a (OCoLC)847842758
|z (OCoLC)864911019
|
| 042 |
|
|
|a pcc
|
| 050 |
0 |
0 |
|a QD502.5
|
| 072 |
|
7 |
|a SCI
|x 013040
|2 bisacsh
|
| 082 |
0 |
0 |
|a 547/.215
|2 23
|
| 084 |
|
|
|a SCI013040
|2 bisacsh
|
| 049 |
|
|
|a MAIN
|
| 245 |
0 |
0 |
|a Catalytic cascade reactions /
|c edited by Dr. Peng-Fei Xu and Dr. Wei Wang.
|
| 264 |
|
1 |
|a Hoboken, New Jersey :
|b Wiley,
|c [2013]
|
| 300 |
|
|
|a 1 online resource.
|
| 336 |
|
|
|a text
|2 rdacontent
|
| 337 |
|
|
|a computer
|2 rdamedia
|
| 338 |
|
|
|a online resource
|2 rdacarrier
|
| 520 |
|
|
|a "The development of catalytic versions of cascade reactions has become one of the most active and burgeoning reaction areas in organic synthesis. Covering both organocatalysis and transition-metal catalysis for these reactions, Catalytic Cascade Reactions illustrates the versatility and application of cascade reactions for synthesizing valuable compounds, such as drugs and natural products. Highlighting catalytic versus non-catalytic reactions, an important shift in academic and industry practice, the text brings chemists and the organic synthesis community up to speed on the many recent advances in the field"--
|c Provided by publisher.
|
| 520 |
|
|
|a "This book covers recent and important discoveries and activities in catalytic cascade reactions, an emerging and dynamic direction for organic synthesis"--
|c Provided by publisher.
|
| 504 |
|
|
|a Includes bibliographical references and index.
|
| 588 |
|
|
|a Description based on print version record and CIP data provided by publisher.
|
| 650 |
|
0 |
|a Organic reaction mechanisms.
|
| 650 |
|
0 |
|a Catalysis.
|
| 650 |
|
0 |
|a Chemical reactions.
|
| 650 |
|
0 |
|a Organic compounds
|x Synthesis.
|
| 650 |
|
7 |
|a SCIENCE / Chemistry / Organic.
|2 bisacsh
|
| 650 |
|
7 |
|a Catalysis.
|2 fast
|0 (OCoLC)fst00848867
|
| 650 |
|
7 |
|a Chemical reactions.
|2 fast
|0 (OCoLC)fst00853176
|
| 650 |
|
7 |
|a Organic compounds
|x Synthesis.
|2 fast
|0 (OCoLC)fst01047668
|
| 650 |
|
7 |
|a Organic reaction mechanisms.
|2 fast
|0 (OCoLC)fst01047722
|
| 655 |
|
4 |
|a Electronic books.
|
| 655 |
|
0 |
|a Electronic books.
|
| 700 |
1 |
|
|a Xu, Peng-Fei,
|d 1964-
|e editor of compilation.
|
| 700 |
1 |
|
|a Wang, Wei
|c (Associate professor of chemistry),
|e editor of compilation.
|
| 776 |
0 |
8 |
|i Print version:
|t Catalytic cascade reactions
|d Hoboken, New Jersey : Wiley, [2013]
|z 9781118016022
|w (DLC) 2013011112
|
| 856 |
4 |
0 |
|u https://doi.org/10.1002/9781118356654
|z Full Text via HEAL-Link
|
| 994 |
|
|
|a 92
|b DG1
|